| 000 | 01346cam a2200349 a 4500 | ||
|---|---|---|---|
| 001 | 530 | ||
| 005 | 20230518085033.0 | ||
| 008 | 120523s2012 mau c 000 1 eng | ||
| 020 | _a9780763653804 (reinforced trade ed.) | ||
| 020 | _a9780545562652 | ||
| 040 |
_aDLC _cDLC _dDLC _dFISKH _beng |
||
| 050 | 0 | 0 |
_aPZ7.S347145 _bSpl 2012 |
| 082 | 0 | 0 |
_a813.6 _223 |
| 100 | 1 | _aSchlitz, Laura Amy. | |
| 245 | 1 | 0 |
_aSplendors and glooms / _cLaura Amy Schlitz. |
| 250 | _a1st ed. | ||
| 260 |
_aSomerville : _bScholastic. _c2013. |
||
| 300 |
_a384 pages ; _c23 cm. |
||
| 500 | _a"A Junior Library Guild selection"--Jacket. | ||
| 505 | _aM | ||
| 520 | _aWhen Clara vanishes after the puppeteer Grisini and two orphaned assistants were at her twelfth birthday party, suspicion of kidnapping chases the trio away from London and soon the two orphans are caught in a trap set by Grisini's ancient rival, a witch with a deadly inheritance to shed before it is too late. | ||
| 521 |
_a670
_bLexile |
||
| 521 |
_aM
_bRaz-Plus |
||
| 650 | 1 |
_aPuppets _vFiction. |
|
| 650 | 1 |
_aOrphans _vFiction. |
|
| 650 | 1 |
_aKidnapping _vFiction. |
|
| 650 | 1 |
_aWitches _vFiction. |
|
| 650 | 1 |
_aBlessing and cursing _vFiction. |
|
| 650 | 7 |
_aJUVENILE FICTION / Toys, Dolls, Puppets. _2bisacsh |
|
| 906 |
_a7 _bcbc _corignew _d1 _eecip _f20 _gy-gencatlg |
||
| 942 |
_2ddc _cBK _n0 |
||
| 999 |
_c530 _d530 |
||